[Event "BEL-ch U14"]
[Site "Blankenberge"]
[Date "2014.04.16"]
[Round "6"]
[White "Van Dijck, Bjarne"]
[Black "De Borggraef, Leon"]
[Result "1/2-1/2"]
[WhiteElo "1420"]
[BlackElo "1588"]
[PlyCount "36"]
[EventDate "2014.04.??"]
[EventType "swiss"]
[EventRounds "9"]
[EventCountry "BEL"]
[SourceTitle "EXT 2015"]
[Source "ChessBase"]
[SourceDate "2014.11.20"]
[SourceVersion "1"]
[SourceVersionDate "2014.11.20"]
[SourceQuality "1"]

1. e4 e5 2. Nf3 Nc6 3. Bc4 Nf6 4. d3 Be7 5. 0-0 0-0 6. Re1 d6 7. h3 Be6 8. Bxe6 fxe6 9. c3 Qd7 10. d4 exd4 11. cxd4 h6 12. Nc3 Rf7 13. e5 dxe5 14. dxe5 Qxd1 15. Rxd1 Nh7 16. Rd7 Bc5 17. Rxf7 Kxf7 18. Bf4 Nf8 1/2-1/2